000 00982nam a2200325 a 4500
003 AR-BaBNM
005 20251128205926.0
008 082120s2002 ||||||||||||||000 | spa||
020 _a84-8019-105-8
040 _cAR-BaBNM
100 1 _aChavarría Navarro, Xavier
245 0 0 _aLa educación física en la enseñanza primaria
_bdel diseño curricular base a la programación de las clases
250 _a1ª ed.
260 _aBarcelona
_bPaidotribo
_c1993
300 _a312 p.
_bil.
490 0 _aEducación física & enseñanza
504 _aBibliografía p. 311-312
650 4 _aEDUCACION FISICA
650 4 _aCURRICULO
650 4 _aREFORMA DE LA EDUCACION
650 4 _aPROYECTOS
650 4 _aRECURSOS EDUCACIONALES
650 4 _aACTIVIDADES DE APRENDIZAJE
650 4 _aOBJETIVOS EDUCACIONALES
653 _aEDUCACION PRIMARIA
653 _aCONTENIDOS ACTITUDINALES
653 _aPROCESO DE ENSEÑANZA-APRENDIZAJE
942 _cBK
998 _cCarmen
999 _c13330
_d13330